| 000 | 00436nam a2200169 4500 | ||
|---|---|---|---|
| 003 | OSt | ||
| 008 | 241004b |||||||| |||| 00| 0 eng d | ||
| 020 | _a9789359738109 | ||
| 041 | _amal | ||
| 082 |
_a923.2 _bJAL/PA |
||
| 100 |
_aJaleel, K. T. _95370 |
||
| 245 |
_aPacha kalarnna chuvappu : _bkal noottandinte katha enteyum / |
||
| 260 |
_aKannur : _bKairali Books _c2023. |
||
| 300 | _a372p. | ||
| 650 |
_aBiography _96271 |
||
| 942 | _cBK | ||
| 999 |
_c18105 _d18105 |
||